00467 2200181 4500001002100000005001500021008004100036020001800077035001900095041000700114082000800121090001400129100002900143700001800172245002200190260003800212300003500250INLIS00000000003141720241224133207241224||||||||| | ||| |||| || |  a979-3604-02-6 0010-1224031417 aid0 a813 a813 HAB a0 aHabiburrahman El Shirazy0 aAnif Sirsaeba00aAyat - Ayat Cinta aJakarta Selatan.bRepublikac2005 a418 halaman; ilustrasi;20,5 cm